01062 2200325 4500001002100000005001500021035002000036007000300056008004100059020002200100082001400122084001600136100003500152245013500187250003500322300003800357650002500395700003000420700003500450504003400485264004300519336002100562337003000583338002300613040002200636090002200658850001200680999002200692990002200714INLIS00000000088474320240305010554 a0010-0324000173ta240305s2023 yoia g ind d a978-623-190-589-504223a305.3 a305.3 NIW g0 aNi Wayan Sri AstitiePengarang10aGender dalam sistem subak :bkasus subak guama Tabanan-Bali /cNi Wayan Sri Astiti, I Ketut Suamba; penyunting, Dwi Putra Darmawan aCetakan Pertama, November 2023 ax, 151 halaman :bgambar ;c23 cm 4aGender, Diskriminasi0 aI Ketut SuambaePengarang0 aDwi Putra DarmawanePenyunting aBibliografi : halaman 134-14731aSleman :bBintang Semesta Media,c2023 2rdacontentateks 2rdamediaatanpa perantara 2rdacarrieravolume aYOPDYOGbinderda aCB-D.11 2023-4036 aYOPDYOG aCB-D.11/2023-4036 aCB-D.11/2023-4036